|
|
|
|
| LEADER |
00000nam a2200000 a 4500 |
| 001 |
vtls001198124 |
| 003 |
SK-MaSNL |
| 005 |
20260301154350.0 |
| 008 |
250414s1986 xo 0 slo |
| 035 |
|
|
|a SNK000141193
|
| 040 |
|
|
|a SNK
|b slo
|c SNK
|e AACR2
|
| 041 |
0 |
|
|a slo
|
| 044 |
|
|
|a xo
|c SK
|
| 080 |
|
|
|a 612.4-053.2(041)
|2 1981
|
| 245 |
0 |
0 |
|a Rodičom detí s cystickou fibrózou
|
| 250 |
|
|
|a 1. vyd.
|
| 260 |
|
|
|a Bratislava
|b Ústav zdravotnej výchovy [vyd.]
|c 1986
|e Liptovský Mikuláš
|f Tlačiarne SNP
|
| 300 |
|
|
|a 2 s.
|c 17,5x12,5 cm.
|
| 366 |
|
|
|e 200 000 výtl.
|
| 490 |
0 |
|
|a -Rady chorým-
|
| 500 |
|
|
|a Zdravotnícka osveta. Nepredajné.
|
| 655 |
|
7 |
|a zdravotnícka osveta
|2 SNK
|9 72803
|
| 852 |
|
|
|a Slovenská národná knižnica
|
| 954 |
|
|
|a fibróza cystická
|a choroby žliaz
|
| 958 |
|
|
|a OND
|
| 958 |
|
|
|a TL
|
| 999 |
|
|
|c 796608
|d 798538
|
| 952 |
|
|
|t P60, <04>, [BOOK], {604}
|a SNK
|b SNK
|y VYP
|7 0
|p 17A0106528
|o snkLSD 201 D1
|0 0
|1 0
|4 0
|d 1997-11-03
|l 0
|r 2005-01-01 00:00:00
|w 2026-02-24
|